| 000 | 00413nam a2200133Ia 4500 | ||
|---|---|---|---|
| 008 | 151021s9999 xx 000 0 und d | ||
| 020 | _a8179924726 | ||
| 050 | _aTD1050.R57L341994 | ||
| 245 | _a_Risk Assessment an Environmental Perspective principles and application | ||
| 260 | _aIndia Jaico 1994 | ||
| 300 | _axi,248p,; ill. | ||
| 650 | _a_Environmental Perspective | ||
| 980 | _a^d20110120 10:50:04^okilerai | ||
| 999 |
_c5879 _d5879 |
||